000 00933cab a2200205 4500
001 L135798
008 061212n2006 000 0 eng u
035 _a(Sirsi) u135798
041 0 _aeng
100 1 _aSwerling, Leon
245 0 0 _aDistress for rent
260 _c2006
490 0 _aEMIS Property Service
_v4(10) 2006, 5-7(3)
520 _aThe Tribunals, Courts and Enforcement Bill 2006 has been published by the Department for Constitutional Affairs which, if enacted, will abolish the old rules permitting landlords of commercial premises to distrain for arrears of rent. A new procedure to seize goods is being introduced, but is more limited in scope.
590 _aKA
650 2 4 _aTRIBUNALS COURTS AND ENFORCEMENT BILL (HL) 2006
651 4 _aUnited Kingdom
_y
690 _aPROPERTY-COMMERCIAL PROPERTY-LEASEHOLD COMMERCIAL PROPERTY-COMMERCIAL LANDLORD AND TENANT-BUSINESS TENANCIES-BUSINESS TENANTS
942 _n0
999 _c77997
_d77997